| 000 | 01189nam a22002897a 4500 | ||
|---|---|---|---|
| 005 | 20090618111132.0 | ||
| 008 | 090617t xxu||||| |||| 00| 0 eng d | ||
| 010 | _aENG-94086 | ||
| 020 |
_c240.00 _a9788183482240 |
||
| 020 |
_c240.00 _a8183482244 |
||
| 035 | _aEN-77619 | ||
| 037 | _bDBAD / VEN | ||
| 040 |
_adpl _bEnglish |
||
| 082 | _a591 | ||
| 245 |
_aUnion Public Service Commission (Pre) exam IAS zoology: _bchapterwise detailed solutions / _ccompiled by Sanjeev Rajora; in co-ordination with Sandeep Kr. Singh |
||
| 246 |
_aZoology Union Public Service Commission (Pre) exam IAS : _bchapterwise detailed solutions |
||
| 260 |
_aMeerut _bArihant Publications _c2008 |
||
| 270 |
_aKalindi, TP Nagar, _bMeerut |
||
| 300 |
_aVarious pagings _c30cm(pbk) |
||
| 490 | _aLeading edge resources 2009-10 | ||
| 500 | _a15 years' solved papers (1994-2008) | ||
| 650 |
_aZoology _xexaminations, questions, etc. |
||
| 700 | _aRajora, Sanjeev | ||
| 942 |
_2ddc _cEN _mUNI _h591 |
||
| 999 |
_c27580 _d27580 |
||